Catálogo
 En Linea

En el jardín de Onán : (Registro nro. 11435)

Detalles MARC
000 -CABECERA
campo de control de longitud fija 00861nam a2200253 a 4500
001 - NÚMERO DE CONTROL
campo de control 000011760
005 - FECHA Y HORA DE LA ÚLTIMA TRANSACCIÓN
campo de control 20240530073912.0
008 - DATOS DE LONGITUD FIJA--INFORMACIÓN GENERAL
campo de control de longitud fija 091027s2004 dr 000 f spa d
020 ## - NÚMERO INTERNACIONAL ESTÁNDAR DEL LIBRO
Número Internacional Estándar del Libro 9993401048
040 ## - FUENTE DE LA CATALOGACIÓN
Centro catalogador/agencia de origen DO-SdBNP
Lengua de catalogación spa
Centro/agencia transcriptor BNPHU
082 ## - NÚMERO DE LA CLASIFICACIÓN DECIMAL DEWEY
Número de clasificación RD863.44
Número de documento/Ítem B663j, 2004
100 1# - ENTRADA PRINCIPAL--NOMBRE DE PERSONA
Nombre de persona Bobadilla, José,
Fechas asociadas al nombre 1955-
9 (RLIN) 11356
245 10 - MENCIÓN DE TÍTULO
Título En el jardín de Onán :
Resto del título navajas y coronas de una solitaria historia de amor /
Mención de responsabilidad, etc. José Bobadilla.
250 ## - MENCIÓN DE EDICIÓN
Mención de edición 4a. ed.
260 ## - PUBLICACIÓN, DISTRIBUCIÓN, ETC.
Lugar de publicación, distribución, etc. Santo Domingo :
Nombre del editor, distribuidor, etc. Imagen Escrita
-- Letra Gráfica,
Fecha de publicación, distribución, etc. 2004.
300 ## - DESCRIPCIÓN FÍSICA
Extensión 153 p. ;
Dimensiones 22 cm.
490 1# - MENCIÓN DE SERIE
Mención de serie Obras
Designación de volumen o secuencia 8
500 ## - NOTA GENERAL
Nota general Incluye datos biográficos del autor en la solapa de la cubierta.
590 ## - NOTA LOCAL (RLIN)
Nota local Inventariado, 2020/MFF
650 #0 - PUNTO DE ACCESO ADICIONAL DE MATERIA--TÉRMINO DE MATERIA
Término de materia o nombre geográfico como elemento de entrada Novela dominicana
9 (RLIN) 223
650 #0 - PUNTO DE ACCESO ADICIONAL DE MATERIA--TÉRMINO DE MATERIA
Término de materia o nombre geográfico como elemento de entrada Literatura dominicana.
9 (RLIN) 67
830 #0 - PUNTO DE ACCESO ADICIONAL DE SERIE-TÍTULO UNIFORME
Título uniforme Obras
Designación de volumen o secuencia 8
9 (RLIN) 20852
910 ## - DATOS DE OPCIÓN DEL USUARIO (OCLC)
Datos de opción del usuario Validado. Control de calidad EMS
Existencias
Estado de retiro Estado de pérdida Restricciones de uso No para préstamo Código de colección Localización permanente Ubicación/localización actual Ubicación en estantería Fecha de adquisición Número de inventario Total de préstamos Signatura topográfica completa Código de barras Fecha visto por última vez Número de copia Precio válido a partir de Tipo de ítem Koha
        Dominicana de Servicio General General Depósito 27.10.2009 LF1   RD863.44 B663j, 2004 11760-30 25.06.2020 e. 3 25.06.2020 Libro y Folleto Colección Dominicana de Servicio
        Dominicana de Servicio General General Depósito 27.10.2009 LF1   RD863.44 B663j, 2004 11760-40 25.06.2020 e. 4 25.06.2020 Libro y Folleto Colección Dominicana de Servicio
        Dominicana de Servicio General General Depósito 16.04.2013 LF1   RD863.44 B663j, 2004 11760-50 25.06.2020 e. 5 25.06.2020 Libro y Folleto Colección Dominicana de Servicio
      Excluido de préstamo Patrimonio Dominicano Patrimonio Dominicano Patrimonio Dominicano Depósito 27.10.2009 LF1   RD863.44 B663j, 2004 11760-10 25.06.2020   25.06.2020 Libro y Folleto Colección Patrimonio Dominicano
      Excluido de préstamo Patrimonio Dominicano Patrimonio Dominicano Patrimonio Dominicano Depósito 27.10.2009 LF1   RD863.44 B663j, 2004 11760-20 25.06.2020 e. 2 25.06.2020 Libro y Folleto Colección Patrimonio Dominicano

Con tecnología Koha